Wiedza ogólna - prawda czy fałsz? #1 - Statystyki

Ogólne statystyki
  • Ten quiz został rozwiązany 3 395 razy
    3 286 od ostatniego zresetowania
  • Średni wynik to 12 z 18
Statystyki odpowiedzi
Zagadnienie Odpowiedź % Poprawnych
Kanada jest największym państwem na świecie pod względem powierzchni Fałsz
96%
Henryk Sienkiewicz jest autorem ,,Quo Vadis". Prawda
92%
Na planecie Ziemia jest więcej drzew niż ludzi. Prawda
87%
Na podstawie książki powstał film „Czarnoksiężnik z krainy Oz”. Prawda
86%
Papugi mogą żyć dłużej niż psy. Prawda
85%
Lambda to litera greckiego alfabetu Prawda
81%
Szympansy posiadają ogony. Fałsz
74%
Tahiti jest niepodległym państwem . Fałsz
74%
W młodości William Szekspir był piratem. Fałsz
72%
Nietoperze wampiry istnieją naprawdę. Prawda
71%
Jowisza można zobaczyć z Ziemi bez teleskopu. Prawda
70%
Jerycho znajduje się w Egipcie. Fałsz
69%
Na Antarktydzie żyją niedźwiedzie polarne. Fałsz
59%
Homar jest koszerny. Fałsz
54%
Mniej niż 1% światowej populacji deklaruje się jako wyznawca judaizmu. Prawda
53%
Prędkość światła wynosi około 300 000 kilometrów na godzinę. Fałsz
45%
Donald Tusk był przewodniczącym Parlamentu Europejskiego. Fałsz
37%
Katedra Notre Dame w Paryżu posiada latające przypory. Prawda
28%
Nie znaleziono quizów pasujących do podanych kryteriów
Rozkład punktacji
Procent ludzi z każdym wynikiem
Percentyl według liczby udzielonych odpowiedzi
Twoja historia wyników
Nie rozwiązałeś tego quizu od ostatniego zresetowania